Housing Act 2004: the affect (sic) on residential lettings (Record no. 74754)

MARC details
000 -LEADER
fixed length control field 01192cab a2200229 4500
001 - CONTROL NUMBER
control field ABS68659
008 - FIXED-LENGTH DATA ELEMENTS--GENERAL INFORMATION
fixed length control field 050125n2005 000 0 eng u
035 ## - SYSTEM CONTROL NUMBER
System control number (Sirsi) u128609
100 ## - MAIN ENTRY--PERSONAL NAME
Personal name Smith, M.
245 ## - TITLE STATEMENT
Title Housing Act 2004: the affect (sic) on residential lettings
260 ## - PUBLICATION, DISTRIBUTION, ETC.
Date of publication, distribution, etc. 2005
490 ## - SERIES STATEMENT
Series statement Estate Agent
Volume/sequential designation January 2005, 36-37(2)
520 ## - SUMMARY, ETC.
Summary, etc. Concentrates on those provisions in the Housing Act 2004, which affect residential letting agents and landlords. Outlines the provisions protecting tenants' deposits including the creation of government-approved tenancy deposit schemes. RICS, NAEA and ARLA have set up the "Tenancy deposit scheme for regulated agents", which will be presented to government as the professional agents' authorised scheme. Also explains the licensing proposals for houses in multiple occupation, which will affect many agents and landlords.
590 ## - LOCAL NOTE (RLIN)
Local note ABS
650 ## - SUBJECT ADDED ENTRY--TOPICAL TERM
Topical term or geographic name entry element HOUSING ACT 2004
650 ## - SUBJECT ADDED ENTRY--TOPICAL TERM
Topical term or geographic name entry element RESIDENTIAL LETTING AGENTS
650 ## - SUBJECT ADDED ENTRY--TOPICAL TERM
Topical term or geographic name entry element LANDLORDS
650 ## - SUBJECT ADDED ENTRY--TOPICAL TERM
Topical term or geographic name entry element TENANCY DEPOSIT SCHEME (TDS)
650 ## - SUBJECT ADDED ENTRY--TOPICAL TERM
Topical term or geographic name entry element RENTAL DEPOSITS
690 ## - LOCAL SUBJECT ADDED ENTRY--TOPICAL TERM (OCLC, RLIN)
Topical term or geographic name as entry element PROPERTY-RESIDENTIAL PROPERTY-RESIDENTIAL LANDLORD AND TENANT-RESIDENTIAL TENANCIES
942 ## - ADDED ENTRY ELEMENTS (KOHA)
Suppress in OPAC 0
Holdings
Withdrawn status Lost status Source of classification or shelving scheme Damaged status Not for loan Home library Current library Shelving location Date acquired Total Checkouts Full call number Barcode Date last seen Copy number Price effective from Koha item type
    Dewey Decimal Classification     London London Journal article 25/01/2005   ABS68659 128609-1001 06/08/2019 1 06/08/2019 Journal article